| 000 | 00373 a2200169 4500 | ||
|---|---|---|---|
| 001 | 74225 | ||
| 020 | _a85-01-15415-6 | ||
| 040 | _cAnchieta - Colégio São Paulo | ||
| 100 | _aVargas, Mario Llosa | ||
| 240 | 1 | 0 |
_aBatismo de Fogo _lpor |
| 245 | 1 | 0 | _aBatismo de Fogo |
| 300 | _a373 | ||
| 362 | 0 | _a1962 | |
| 440 | 1 | _aRecord | |
| 650 | 4 | _aFicção espanhola | |
| 942 | _cBK | ||
| 999 |
_c74225 _d74225 |
||